<?xml version="1.0" encoding="UTF-8"?><?xml-stylesheet type="text/xsl" href="static/style.xsl"?><OAI-PMH xmlns="http://www.openarchives.org/OAI/2.0/" xmlns:xsi="http://www.w3.org/2001/XMLSchema-instance" xsi:schemaLocation="http://www.openarchives.org/OAI/2.0/ http://www.openarchives.org/OAI/2.0/OAI-PMH.xsd"><responseDate>2026-04-27T12:56:20Z</responseDate><request verb="GetRecord" identifier="oai:uvadoc.uva.es:10324/2428" metadataPrefix="marc">https://uvadoc.uva.es/oai/request</request><GetRecord><record><header><identifier>oai:uvadoc.uva.es:10324/2428</identifier><datestamp>2021-07-02T07:22:31Z</datestamp><setSpec>com_10324_1508</setSpec><setSpec>com_10324_894</setSpec><setSpec>col_10324_1584</setSpec></header><metadata><record xmlns="http://www.loc.gov/MARC21/slim" xmlns:doc="http://www.lyncode.com/xoai" xmlns:xsi="http://www.w3.org/2001/XMLSchema-instance" xmlns:dcterms="http://purl.org/dc/terms/" xsi:schemaLocation="http://www.loc.gov/MARC21/slim http://www.loc.gov/standards/marcxml/schema/MARC21slim.xsd">
<leader>00925njm 22002777a 4500</leader>
<datafield tag="042" ind1=" " ind2=" ">
<subfield code="a">dc</subfield>
</datafield>
<datafield tag="720" ind1=" " ind2=" ">
<subfield code="a">La Spina, Encarnación</subfield>
<subfield code="e">author</subfield>
</datafield>
<datafield tag="720" ind1=" " ind2=" ">
<subfield code="a">Merino i Sancho, Víctor</subfield>
<subfield code="e">author</subfield>
</datafield>
<datafield tag="260" ind1=" " ind2=" ">
<subfield code="c">2011</subfield>
</datafield>
<datafield tag="520" ind1=" " ind2=" ">
<subfield code="a">Este trabajo propone una aproximación a dos formas diferentes de pensar el&#xd;
uso de las TICs en la docencia en Teoría del Derecho, como colaboradores a&#xd;
la docencia y estudiantes de anteriores planes de estudio al EEES. Desde esta&#xd;
doble perspectiva se han trazado los puntos débiles y fuertes de dicho uso&#xd;
extrapolables a la innovación docente dado que la aplicación de la técnica&#xd;
DAFO visibiliza la triple relación entre: las debilidades y las amenazas; las&#xd;
fortalezas y las oportunidades; y, por último, también entre los aspectos&#xd;
negativos y positivos. En este escenario, y a través de un análisis&#xd;
individualizado de cada uno de los elementos, primordialmente se proponen&#xd;
diversas estrategias de intervención versus coordinación, anteponiendo&#xd;
especialmente aquellas que quiebren dicha relación para reforzar así la&#xd;
realización efectiva de las oportunidades.</subfield>
</datafield>
<datafield tag="024" ind2=" " ind1="8">
<subfield code="a">IV Congreso Nacional de Innovaciones Científicas: Coordinación y planificación en los estudios de derecho. Valladolid: Universidad de Valladolid, 2011, p. 781-809</subfield>
</datafield>
<datafield tag="024" ind2=" " ind1="8">
<subfield code="a">978-84-694-8683-2</subfield>
</datafield>
<datafield tag="024" ind2=" " ind1="8">
<subfield code="a">http://uvadoc.uva.es/handle/10324/2428</subfield>
</datafield>
<datafield ind1=" " ind2=" " tag="653">
<subfield code="a">Derecho-Estudio y enseñanza-Innovaciones</subfield>
</datafield>
<datafield ind1=" " ind2=" " tag="653">
<subfield code="a">Tecnología educativa</subfield>
</datafield>
<datafield tag="245" ind1="0" ind2="0">
<subfield code="a">Estrategias múltiples de intervención en el uso de las TICs y la innovación docente en Derecho</subfield>
</datafield>
</record></metadata></record></GetRecord></OAI-PMH>